Animals Starting With O - Statistics

General Stats
  • This quiz has been taken 181 times
  • The average score is 6 of 9
Answer Stats
Picture Answer % Correct
Orangutan
95%
Owl
88%
Ostrich
87%
Otter
83%
Ocelot
67%
Opossum
60%
Okapi
51%
Octopus🐙
40%
Olingo
5%
No matching quizzes found
Score Distribution
Percent of People with Each Score
Percentile by Number Answered
Your Score History
You have not taken this quiz